000 00600nam a2200193Ia 4500
005 20250326141715.0
008 250326s9999 xx 000 0 und d
020 _a013-095457-8
037 _aTextbook
040 _aFMSL
_beng
_cFMSL
041 _aeng
_2eng
084 _aX:74 M9
_qFMSL
100 _aBuchholz R Z
_9744934
245 0 _aBusiness environment and public policy: implications for management and strategic for mulation
_cBuchholz R Z
260 _aEnglewood
_bEnglewood, Prentice-Hall
_c1989
300 _aXIII,624
942 _cTB
_hX:74 M9
999 _c1291587
_d1291587